000
00432nam a22001097a 4500
082
_a
200
100
_a
पाण्डेय,अशोक कुमार
_9
82786
245
_a
श्रीराम जन्मभूमि और अयोध्या का संघर्ष पार्ट -2
260
_a
दिल्ली
_b
शिवांक प्रकाशन
_c
2025
650
_a
धर्म
942
_c
HIN
999
_c
68567
_d
68567